| 000 | 01228nam a2200337Ia 4500 | ||
|---|---|---|---|
| 003 | CO-BoRNBP | ||
| 005 | 20250605091625.0 | ||
| 007 | ta | ||
| 008 | 180815s2016 sp a g 000 0 spa | ||
| 020 | _a9788492769766 | ||
| 040 |
_aCO-BoRNBP _bspa _erda _cCO-BoRNBP |
||
| 041 | _aspa | ||
| 084 | _aH MIZ1 | ||
| 100 | 1 |
_aMizuki, Shigueru, _d1922- _959644 |
|
| 245 | 1 | 0 |
_aKitaro, Volumen 1 _cShigeru Mizuki ; traducción Alberto Sakai y Paula Fujiwara |
| 250 | _aPrimera edición | ||
| 264 | 1 |
_aBilbao _bAstiberri _c2016 |
|
| 300 |
_a221 páginas _bilustraciones a blanco y negro _c24 cm. |
||
| 336 |
_atexto _btxt _2rdacontent |
||
| 337 |
_asin mediación _bn _2rdamedia |
||
| 338 |
_avolumen _bnc _2rdacarrier |
||
| 490 | 0 | _aSillón orejero | |
| 650 | 0 | 0 |
_aHistorietas japonesa _ySiglo XX _2LEMB _959645 |
| 650 | 0 | 0 |
_aLiteratura japonesa _ySiglo XX _2LEMB _959646 |
| 650 | 0 | 0 |
_aFantasía _xTiras cómicas, historietas, etc _2LEMB _959647 |
| 650 | 0 | 0 |
_aLo sobrenatural _xTiras cómicas, historietas, etc _2LEMB _959648 |
| 650 | 0 | 0 |
_aMonstruos _xTiras cómicas, historietas, etc _2LEMB _959649 |
| 650 | 0 | 0 |
_aGatos _xTiras cómicas, historietas, etc _2LEMB _959650 |
| 700 | 1 |
_aSakai, Alberto Fujiwara, Paula _959651 |
|
| 942 |
_2loc _cBKLIT |
||
| 999 |
_c57159 _d57159 |
||